[Event "National-chT China 2017"]
[Site "Beijing"]
[Date "2017.06.12"]
[Round "7"]
[White "Zhang, Xiao"]
[Black "Zhou, Guijue"]
[Result "1-0"]
[WhiteElo "1913"]
[BlackElo "2250"]
[Annotator "TA"]
[PlyCount "97"]
[EventDate "2017.??.??"]
[EventCountry "CHN"]
[SourceTitle "playchess.com"]
[Source "ChessBase"]
[SourceQuality "1"]

{[%evp 17,97,21,28,21,19,13,36,21,22,20,27,29,29,-6,-7,-11,8,-7,-8,-8,-14,-8,-10,-23,0,-7,-7,-17,-14,-52,-12,-18,-16,-23,-32,-27,0,0,0,0,77,43,56,57,43,40,25,0,8,5,232,218,231,216,436,348,345,255,452,452,452,452,452,452,452,452,452,452,452,452,452,452,452,452,497,479,988,472,1033,1044,1045,1028]} 1. d4 d5 2. c4 e6 3. cxd5 exd5 4. Nc3 Nf6 5. Bg5 Be7 6. e3 c6 7. Bd3 Nbd7 8. Nge2 Nh5 9. Bxe7 Qxe7 10. a3 {D35: Queen's Gambit Declined: Exchange Variation} (10. Qd2 Nb6 11. f3 g6 12. O-O O-O 13. Rae1 Be6 14. e4 dxe4 15. fxe4 Rad8 16. b3 Bg4 17. Qe3 f6 {1-0 (39) Ding,L (2782)-Inarkiev,E (2660) Baku 2015}) 10... O-O 11. O-O Ndf6 $146 ({Predecessor:} 11... g6 12. b4 a6 13. Na4 Ng7 14. Nc5 Nb6 15. a4 Bf5 16. a5 Nc8 17. Nc3 Bxd3 18. Qxd3 Nd6 19. N3a4 Rad8 {½-½ (19) Pauly,C (2025)-Mundorf,J (1688) Kranenburg 2009}) 12. Qc2 {White is slightly better.} g6 13. b4 b6 14. Rfe1 Bd7 15. Ng3 Nxg3 16. hxg3 Qd6 17. Rad1 Rac8 18. e4 dxe4 19. Nxe4 Nxe4 20. Rxe4 Bf5 21. Re3 Bxd3 22. Rdxd3 Rfe8 23. Kh2 h5 24. Qe2 Rxe3 25. fxe3 $11 {[%mdl 4096] Endgame KQR-KQR} Re8 26. e4 Kg7 27. e5 Qd5 28. Qf3 Rd8 (28... a5 $11 {remains equal.}) 29. Qf6+ $16 Kh7 30. Rc3 Rc8 31. Rf3 Kg8 32. Rf4 Re8 33. g4 Qe6 $2 (33... hxg4 $11 {and Black is okay.} 34. Rxg4 Re6) 34. gxh5 $18 {[#] Black must now prevent Qg5.} Qxf6 35. Rxf6 {KR-KR} c5 $2 (35... gxh5 {was called for.} 36. Rxc6 Rd8) 36. hxg6 fxg6 37. Rxg6+ ({Resist} 37. dxc5 $6 bxc5 38. Rxg6+ (38. bxc5 Kg7 $18) 38... Kf7 $18) 37... Kf7 $2 {[#]} (37... Kh7 38. Rd6 cxd4 39. Rxd4 Kg6) 38. Rf6+ {White is clearly winning.} Kg7 39. bxc5 bxc5 40. dxc5 Rxe5 41. Ra6 Rxc5 42. Rxa7+ Kg6 43. a4 Rc3 44. g3 Kg5 45. Kh3 Ra3 46. Ra5+ Kf6 (46... Kh6 $142 47. Ra7 Kg5) 47. Kg4 (47. Kh4 $142 Ra1 48. Ra6+ Kf5 49. g4+ Kf4 50. Rf6+ Ke4 51. Kg5) 47... Ra1 (47... Rc3 $142 48. Ra8 Ke5) 48. Ra6+ Ke5 49. Kg5 {Precision: White = 52%, Black = 37%.} 1-0

[Event "National-chT China 2017"]
[Site "Beijing"]
[Date "2017.06.12"]
[Round "7"]
[White "Guo, Weibao"]
[Black "Wang, Yu A"]
[Result "1/2-1/2"]
[WhiteElo "1788"]
[BlackElo "2354"]
[Annotator "TA"]
[PlyCount "71"]
[EventDate "2017.??.??"]
[EventCountry "CHN"]
[SourceTitle "playchess.com"]
[Source "ChessBase"]
[SourceQuality "1"]

{[%evp 11,71,0,12,14,8,0,15,0,51,0,0,-6,-7,-14,-10,-48,-45,-52,-55,-71,-42,-93,-45,-44,-41,-43,-39,-72,-64,-66,-57,-54,-18,-20,-17,-50,-49,-41,-46,-59,-3,-3,0,0,19,0,5,0,0,0,0,0,0,0,0,0,0,0,0,0,0,0]} 1. d4 d5 2. c4 c6 3. cxd5 cxd5 4. Nf3 Nf6 5. g3 Nc6 6. Bg2 e6 7. O-O {D13: Slav Defence: Exchange variation without ...Bf5} Be7 8. Nc3 a6 9. Bf4 b5 (9... b6 $11) (9... O-O 10. Rc1 Bd7 11. Ne5 Be8 12. Qd2 Rc8 13. Rfd1 {½-½ (32) Sasikiran,K (2694)-Nguyen,N (2567) Beijing 2008}) 10. Rc1 (10. e4 $1 $14) 10... Bb7 $11 11. Ne5 Rc8 $146 ({Predecessor:} 11... Qb6 12. e4 Nxe5 13. dxe5 Nxe4 14. Nxe4 dxe4 {1-0 (27) Gross,G (1871)-Lambert,A (2224) Germany 2009}) 12. Re1 O-O 13. e3 Nxe5 14. dxe5 Nd7 {White must now prevent ...g5.} 15. h4 b4 16. Na4 ({White should try} 16. Ne2 $15) 16... Rxc1 17. Qxc1 Qa5 18. b3 $1 Rc8 19. Qb1 h6 20. h5 Nc5 21. Nxc5 Qxc5 22. e4 d4 23. Rc1 Qb6 24. Rxc8+ Bxc8 25. Qc2 Bc5 (25... Bd7 $1 $15) 26. Bf1 {The position is equal.} Bb7 27. Bd3 a5 28. g4 Qc7 29. Qc1 (29. Qc4 {is more complex.} Bb6 30. f3 Kh7 31. Kf2 Qd7 32. Bg3) 29... Bb6 30. Qxc7 Bxc7 {[%mdl 4096] Endgame KBB-KBB} 31. Bh2 f6 32. f4 fxe5 33. fxe5 Bc6 34. Kf2 Kf7 35. Kf3 a4 36. Kf4 {Precision: White = 49%, Black = 61%.} 1/2-1/2

[Event "National-chT China 2017"]
[Site "Beijing"]
[Date "2017.06.13"]
[Round "8"]
[White "Li, Chao b"]
[Black "Ziji Zhang"]
[Result "*"]
[WhiteElo "2720"]
[BlackElo "2362"]
[Annotator "TA"]
[PlyCount "35"]
[EventDate "2017.??.??"]
[EventCountry "CHN"]
[SourceTitle "playchess.com"]
[Source "ChessBase"]
[SourceQuality "1"]

{[%evp 20,35,7,4,12,0,17,16,40,0,-6,0,52,39,37,38,32,44]} 1. c4 c6 2. e4 d5 3. exd5 cxd5 4. d4 Nf6 5. Nc3 Nc6 6. Bg5 dxc4 7. Bxc4 h6 8. Bh4 e6 9. Nf3 Be7 10. O-O O-O 11. a3 Nd5 {E57: Nimzo-Indian: Rubinstein: Main Line: 7...Nc6 8 a3 dxc4 9 Bxc4 cxd4} 12. Bg3 (12. Bxd5 $5 exd5 13. Bxe7 Nxe7 14. Rc1 $14) (12. Bxd5 exd5 13. Bxe7 Nxe7 14. Qb3 Qb6 15. Qxb6 axb6 16. Rfe1 Be6 17. Nb5 Rfc8 18. Rac1 Rxc1 19. Rxc1 {½-½ (33) Ernst,S (2587)-Kempinski,R (2615) Hoogeveen 2010}) 12... Bd6 13. Qd3 $146 ({Predecessor:} 13. Ne5 Nxc3 14. bxc3 Nxe5 15. dxe5 Be7 16. Qb3 Qc7 17. Rfd1 Bd7 18. Bf1 {1-0 (50) Pruetz,S (1724)-Verbitzky,J (1551) Berlin 2016}) 13... Bxg3 {The position is equal.} 14. hxg3 Nxc3 15. bxc3 Bd7 ({Better is} 15... b6 $11) 16. Ba2 {White is slightly better.} Qf6 17. Rfe1 Rfd8 18. Re4 *

[Event "National-chT China 2017"]
[Site "Beijing"]
[Date "2017.06.13"]
[Round "8"]
[White "Li, Chao b"]
[Black "Ziji, Zhang"]
[Result "1-0"]
[WhiteElo "2720"]
[BlackElo "2362"]
[Annotator "TA"]
[PlyCount "77"]
[EventDate "2017.??.??"]
[EventCountry "CHN"]
[SourceTitle "playchess.com"]
[Source "ChessBase"]
[SourceQuality "1"]

{[%evp 20,77,0,0,0,0,10,6,36,0,6,0,32,32,51,59,39,27,100,110,107,100,106,99,113,106,104,104,108,2,79,70,60,60,54,0,244,257,258,253,287,304,292,294,469,473,593,608,577,597,829,812,811,801,29993,705,685,667,641,571]} 1. c4 c6 2. e4 d5 3. exd5 cxd5 4. d4 Nf6 5. Nc3 Nc6 6. Bg5 dxc4 7. Bxc4 h6 8. Bh4 e6 9. Nf3 Be7 10. O-O O-O 11. a3 Nd5 {E57: Nimzo-Indian: Rubinstein: Main Line: 7...Nc6 8 a3 dxc4 9 Bxc4 cxd4} 12. Bg3 (12. Bxd5 exd5 13. Bxe7 Nxe7 14. Qb3 Qb6 15. Qxb6 axb6 16. Rfe1 Be6 17. Nb5 Rfc8 18. Rac1 Rxc1 19. Rxc1 {½-½ (33) Ernst,S (2587)-Kempinski,R (2615) Hoogeveen 2010}) 12... Bd6 13. Qd3 $146 ({Predecessor:} 13. Ne5 Nxc3 14. bxc3 Nxe5 15. dxe5 Be7 16. Qb3 Qc7 17. Rfd1 Bd7 18. Bf1 {1-0 (50) Pruetz,S (1724)-Verbitzky,J (1551) Berlin 2016}) 13... Bxg3 {The position is equal.} 14. hxg3 (14. fxg3 {feels hotter.} Nde7 15. Rac1 Qb6 16. Na4 Qa5 17. Nc5) 14... Nxc3 15. bxc3 Bd7 16. Ba2 Qf6 17. Rfe1 {[%cal Bf1e1,Be1e4,Be4f4][%mdl 32]} Rfd8 18. Re4 $36 {[%mdl 2048] White has some pressure.} Ne7 (18... g5 $11 {keeps the balance.}) 19. Rf4 $1 $16 {[%cal Rf4f6]} Qg6 20. Qe2 {Black must now prevent Ne5.} Qh5 21. Re1 Nd5 {[#]} 22. Rh4 $1 {[%cal Rh4h5]} Qf5 {[#]} 23. Qd2 $1 b5 24. Ne5 (24. g4 $16 Qf6 25. Bxd5 exd5 26. Re5) 24... Be8 (24... Qg5 $1 $11 25. Qd3 Rac8) 25. Ng4 {[%cal Be5g4,Bg4e3,Be3f5][%mdl 32]} Qg5 $1 {[%cal Rg5d2]} 26. f4 $1 {[%cal Rf4g5]} Qg6 $1 27. Re5 ({White should play} 27. Bxd5 $1 $14 exd5 28. Ne5) 27... f5 $2 (27... Rac8 $11 {and Black stays safe.} 28. Bxd5 Rxd5) 28. Ne3 $18 Qxg3 {[#]} 29. Nxf5 $1 {[%mdl 512]} Qxc3 (29... exf5 30. Rh3) 30. Qxc3 Nxc3 31. Bxe6+ Kf8 (31... Kh8 $142 32. Re3 b4 33. axb4 Nb5) 32. Rh3 Na4 33. Rg3 g6 34. Nh4 Rxd4 35. Nxg6+ Bxg6 36. Rxg6 {Rf5+ would kill now.} Rad8 37. Bb3 (37. Rf5+ $142 Ke8 38. Rf7 Rd1+ 39. Kh2 Rh1+ 40. Kxh1 Rd1+ 41. Kh2 Rh1+ 42. Kxh1 h5 43. Rg8#) 37... Rc4 38. Bxc4 bxc4 39. Rxh6 {Precision: White = 64%, Black = 45%.} 1-0

[Event "National-chT China 2017"]
[Site "Beijing"]
[Date "2017.06.13"]
[Round "8"]
[White "Ma, Qun"]
[Black "Xu, Yinglun"]
[Result "1/2-1/2"]
[WhiteElo "2637"]
[BlackElo "2536"]
[Annotator "TA"]
[PlyCount "61"]
[EventDate "2017.??.??"]
[EventCountry "CHN"]
[SourceTitle "playchess.com"]
[Source "ChessBase"]
[SourceQuality "1"]

{[%evp 9,61,29,32,35,33,-23,-11,-19,-19,-24,-22,-24,-23,-62,-52,-106,-99,-99,-95,-78,-62,-105,-106,-94,-91,-92,-120,-110,-96,-106,-54,-48,-50,-55,0,0,0,0,0,0,0,0,0,0,0,0,8,0,0,0,0,0,0,-17]} 1. e4 c5 2. Ne2 d6 3. g3 Nf6 4. Bg2 Nc6 {[%cal Bb8c6,Bc6e5,Be5g6][%mdl 32]} 5. c3 e6 6. d4 {B20: Sicilian: Unusual White 2nd moves} Be7 7. d5 $146 (7. Na3 $14) ({Predecessor:} 7. O-O O-O 8. Na3 Qc7 9. h3 a6 10. g4 b5 11. Ng3 b4 12. Nc2 bxc3 13. bxc3 {½-½ (26) Vallejo Pons,F (2684)-Duda,J (2658) Berlin 2015}) 7... exd5 $11 8. exd5 Ne5 9. f4 Ng6 10. c4 h5 11. h3 Bf5 12. Nbc3 (12. Nd2 $15) 12... Qd7 $17 13. Qa4 Qxa4 14. Nxa4 Kd7 15. Nac3 Rae8 16. Kf2 Bd8 17. Bd2 Bd3 18. b3 Ba5 {[#] Strongly threatening ...Bxe2.} 19. Rad1 Bxe2 (19... a6 $17 20. Bc1 Bf5) 20. Nxe2 $15 Bxd2 21. Rxd2 Ne4+ (21... a6 $15) 22. Bxe4 $1 $11 {The position is equal.} Rxe4 23. Nc3 Ree8 24. Kf3 Ne7 25. Re1 Nf5 26. Rxe8 Rxe8 27. Ne2 f6 28. Rd3 g5 29. fxg5 fxg5 30. Kf2 Re5 31. a3 {Precision: White = 49%, Black = 70%.} 1/2-1/2

[Event "National-chT China 2017"]
[Site "Beijing"]
[Date "2017.06.13"]
[Round "8"]
[White "Gao, Rui"]
[Black "Shaoteng, Yu"]
[Result "1-0"]
[WhiteElo "2543"]
[BlackElo "2479"]
[Annotator "TA"]
[PlyCount "67"]
[EventDate "2017.??.??"]
[EventCountry "CHN"]
[SourceTitle "playchess.com"]
[Source "ChessBase"]
[SourceQuality "1"]

{[%evp 15,67,-35,-25,-45,-55,-71,31,16,30,25,20,15,15,4,58,73,432,62,74,63,71,10,0,0,6,0,0,-11,0,-86,-78,-111,-102,-117,0,0,0,0,14,11,14,21,17,23,22,14,1527,1422,29993,29994,29994,29995,29996,29996]} 1. e4 e6 2. d4 d5 3. Nc3 Nf6 4. e5 Nfd7 5. Nf3 c5 6. dxc5 Nc6 7. Bf4 Nxc5 8. a3 a6 {LiveBook: 7 Games. C11: French: Classical System: 4 e5 and 4 Bg5 dxe4} 9. b4 Nd7 $1 10. Bd3 f6 $146 (10... Be7 $17) ({Predecessor:} 10... Be7 11. Bg3 Nxb4 12. O-O Nc6 13. Re1 Nc5 14. Ne2 b5 15. Ned4 Na5 16. h4 {½-½ (45) Nesterov,Y (2485)-Demidov,M (2351) Moscow 2009}) 11. exf6 $14 Qxf6 12. Qd2 Nxb4 13. O-O Nxd3 14. cxd3 {[%cal Bc2d3,Bd3d4][%mdl 32] Hoping for Rfe1.} Bc5 (14... h6 $11) 15. d4 {[%mdl 1024] White has compensation.} Ba7 $2 {[%mdl 8192] [#]} (15... Be7 $16) 16. Bd6 $2 (16. Nxd5 $1 $18 exd5 17. Rae1+ Kf8 18. Qb4+ Kg8 19. Re8+ Nf8 20. Bg3) 16... Nb6 $1 {[%cal Rb6c4]} 17. Qe2 Qd8 18. Bb4 (18. Qe5 $16 Qf6 19. Rfe1 Qxe5 20. Nxe5) 18... Nc4 $11 19. Ne5 Nxe5 $1 20. Qxe5 Kf7 $1 21. Qf4+ Kg8 {aiming for ...Bb8.} 22. Rae1 {[#]} (22. Rab1 $11) 22... Bb8 $1 $17 {[%cal Rb8f4]} 23. Qg4 a5 24. Bc5 b6 (24... h5 $17 25. Qg6 Rh6) 25. Rxe6 $11 {Threatens to win with Qe2.} bxc5 26. Rfe1 Qf8 {...Ra6 is the strong threat.} 27. Nxd5 {[%cal Bc3d5,Bd5f6,Bf6d7][%mdl 32] Black must now prevent Qe4.} Ra6 $1 {[%cal Ra6e6]} 28. Nf6+ $1 Kf7 29. Nd7 $1 $36 {[%mdl 2048] White is pushing.} Bxd7 {[#]} 30. Re7+ $1 {[%mdl 512]} Kf6 $2 {[%mdl 8192]} (30... Qxe7 $11 31. Rxe7+ Kxe7 32. Qxg7+ Kd8 33. Qxh8+ Kc7) 31. Qxd7 $18 Qc8 32. R1e6+ {White mates.} Rxe6 33. Rxe6+ Kg5 34. Qd5+ {Precision: White = 57%, Black = 51%.} 1-0

[Event "National-chT China 2017"]
[Site "Beijing"]
[Date "2017.06.13"]
[Round "8"]
[White "Li, Shilong"]
[Black "Bai, Jinshi"]
[Result "0-1"]
[WhiteElo "2524"]
[BlackElo "2573"]
[Annotator "TA"]
[PlyCount "62"]
[EventDate "2017.??.??"]
[EventCountry "CHN"]
[SourceTitle "playchess.com"]
[Source "ChessBase"]
[SourceQuality "1"]

{[%evp 21,62,0,0,-6,-6,-6,0,0,0,0,0,0,0,0,0,-10,-12,-20,-23,-23,-20,-27,-22,-19,-27,-21,0,0,0,0,0,-347,-360,-346,-340,-385,-384,-1884,-1810,-1779,-1443,-2066,-1521]} 1. c4 c5 2. Nf3 Nf6 3. Nc3 Nc6 4. e3 g6 5. d4 cxd4 6. exd4 d5 7. cxd5 Nxd5 8. Qb3 e6 9. Bb5 Bg7 10. Bg5 {A35: Symmetrical English: 2 Nc3 Nc6 3 Nf3} (10. O-O O-O 11. Bxc6 bxc6 12. Na4 Qd6 13. Re1 Rb8 14. Qd1 Ne7 15. Bd2 Nf5 16. Bc3 Rd8 17. Re4 Rb5 {½-½ (31) Aronian,L (2792)-So,W (2770) Paris 2016}) 10... Qb6 11. Nxd5 exd5 {LiveBook: 9 Games} 12. Qe3+ {The position is equal.} Be6 $1 13. Bxc6+ bxc6 14. O-O O-O 15. Bh6 Qxb2 16. Rfb1 Qc2 $1 17. Bxg7 Kxg7 {[#]} 18. Rb7 $146 {And now Qxe6 would win.} Qe4 19. Qb3 Bg4 20. Re1 Qf4 {...Rae8 is the strong threat.} 21. Ne5 Qxd4 {Threatens to win with ...Rae8.} 22. Rb4 $1 {[%cal Rb4d4]} Qd2 {[%cal Rd2e1]} 23. Qb1 $1 {[%cal Rb1a1]} Bf5 24. Qa1 $1 Kg8 {[%cal Bg7g8,Bg8f7,Bf7e8][%mdl 32] Hoping for ...Rae8.} 25. Nxc6 {[%cal Rc6e7]} Rfe8 $40 {[%mdl 128] Black attacks.} 26. Re7 $2 {[%mdl 8192]} (26. Rxe8+ $11 {and White stays safe.} Rxe8 {[#]} 27. Ne7+ $1 {[%mdl 512]} Kf8 28. Qh8+ Kxe7 29. Qe5+ Kf8 30. Qh8+ Ke7 31. Qe5+ Kf8 32. Qh8+ Ke7) 26... Rec8 $19 27. Rxf7 Kxf7 28. Rb7+ {[#]} Bd7 $1 29. g3 $2 (29. Rxd7+ Ke6 30. Re7+ Kd6 31. h3 Kxc6 32. Qf6+ Kc5 33. Rxh7) 29... Rxc6 {Black is clearly winning.} 30. Rxd7+ Ke8 {Strongly threatening ...Rc1+.} 31. Qg7 Qe1+ {Precision: White = 66%, Black = 88%.} 0-1

[Event "National-chT China 2017"]
[Site "Beijing"]
[Date "2017.06.13"]
[Round "8"]
[White "Zhao, Xue"]
[Black "Liu, Manli"]
[Result "1-0"]
[WhiteElo "2490"]
[BlackElo "2173"]
[Annotator "TA"]
[PlyCount "111"]
[EventDate "2017.??.??"]
[EventCountry "CHN"]
[SourceTitle "playchess.com"]
[Source "ChessBase"]
[SourceQuality "1"]

{[%evp 18,111,29,16,40,32,35,30,41,10,13,11,2,20,37,25,33,23,32,39,55,53,39,47,43,0,14,-4,-4,-10,0,0,0,0,0,5,13,7,12,4,17,-6,-7,-18,0,0,0,0,0,0,78,-1,125,114,114,69,66,70,79,77,68,64,96,91,91,91,122,118,129,138,161,168,164,142,171,169,176,172,202,195,291,295,422,421,393,360,330,291,528,496,1275,1249,1559,1471,1656,1509]} 1. c4 e6 2. Nf3 Nf6 3. g3 Be7 4. Bg2 O-O 5. b3 d5 6. e3 c6 7. O-O Nbd7 8. d4 b6 9. Bb2 Bb7 10. Nc3 {LiveBook: 6 Games} Bd6 {E07: Closed Catalan: Main Line (5 Nf3 0-0 6 0-0 Nbd7)} (10... Qc7 11. Rc1 Rad8 12. cxd5 exd5 13. Nh4 Qb8 14. Nf5 Rfe8 15. Nxe7+ Rxe7 16. Ne2 Ree8 17. Nf4 Nf8 18. Nd3 {1-0 (35) Epishin,V (2587)-Jaracz,P (2495) Bratto 2007}) 11. Rc1 $146 ({Predecessor:} 11. Qe2 Re8 12. Rfd1 Qe7 13. Rac1 Rac8 14. Rd2 h6 15. Qd1 Ba6 16. Bf1 Bb7 17. Ne2 Ne4 18. Rdc2 {1-0 (42) Pagac,K (2055)-Mancal,M (2010) Slovakia 1997}) 11... Qe7 12. cxd5 exd5 {White has an edge.} 13. Nh4 g6 14. Nf3 Rfe8 15. Nd2 Ba3 16. Bxa3 Qxa3 17. Qc2 Qb4 18. Qb2 Ba6 19. Rfd1 Bd3 20. a3 Qd6 21. Na2 Bf5 22. b4 b5 23. Qc3 Rac8 24. f3 Nb6 {[%cal Bd7b6,Bb6c4,Bc4d2][%mdl 32]} 25. Re1 Nc4 26. e4 {[%cal Be3e4,Be4e5][%mdl 32]} Nxd2 27. e5 Qf8 28. Qxd2 Nd7 29. a4 bxa4 30. Bf1 f6 {[%cal Rf6e5]} 31. Ba6 Rc7 {[%cal Rf6e5] [#]} 32. Bb5 $1 {[%mdl 512]} fxe5 (32... cxb5 33. Rxc7) 33. Bxc6 {[#]} Qd6 {[#]} (33... Rxc6 $1 $11 {[%mdl 512]} 34. Rxc6 exd4) 34. dxe5 (34. b5 $1 $16) 34... Rxe5 (34... Nxe5 $11 {keeps the balance.} 35. Bxd5+ Be6 36. Bxe6+ Qxe6) 35. Rxe5 $16 Qxe5 36. f4 ({Much worse is} 36. Bxd5+ $6 Kg7 $11) 36... Qd6 37. Qxd5+ ({But not} 37. Bxd5+ Kf8 $15) 37... Qe6 38. Qxe6+ Bxe6 39. Bxa4 Rxc1+ 40. Nxc1 {[%mdl 4096] Endgame KBN-KBN} Nb6 41. Bc6 Bc4 42. Kf2 Kf7 43. Ke3 Bd5 44. Bb5 Ke6 45. Nd3 Bg2 46. Kd4 Kd6 47. Ba6 Bd5 48. Ne5 Na8 (48... Bg2 $142 49. Bd3 Nd5) 49. Nc4+ $18 Bxc4 (49... Kd7 $142 50. Bc8+ Kxc8) 50. Bxc4 {KB-KN} ({Not} 50. Kxc4 Nb6+ 51. Kb5 Nd5 $16) 50... Nc7 51. g4 {[%cal Bg3g4,Bg4g5][%mdl 32]} Ne8 52. Bf7 Nf6 $2 (52... Nc7 53. Bg8 h6) 53. g5 {White is clearly winning.} Nd7 (53... Nh5 $142 54. Ke4 Ke7) 54. Bg8 Nf8 55. h4 Kc6 56. Ke4 {Precision: White = 65%, Black = 42%.} 1-0

[Event "National-chT China 2017"]
[Site "Beijing"]
[Date "2017.06.13"]
[Round "8"]
[White "Yunguo, Wan"]
[Black "Yu, Yangyi"]
[Result "*"]
[WhiteElo "2482"]
[BlackElo "2749"]
[Annotator "TA"]
[PlyCount "33"]
[EventDate "2017.??.??"]
[EventCountry "CHN"]
[SourceTitle "playchess.com"]
[Source "ChessBase"]
[SourceQuality "1"]

{[%evp 16,22,38,1,13,18,27,8,18]} 1. e4 d6 2. d4 Nf6 3. Nc3 g6 4. g3 Bg7 5. Bg2 O-O 6. Nge2 e5 7. O-O Nbd7 8. h3 c6 9. Be3 b5 {B07: Pirc Defence: Miscellaneous Systems} (9... Re8 10. g4 Nb6 11. dxe5 dxe5 12. Qxd8 Rxd8 13. b3 Nbd7 14. Rfd1 h5 15. f3 Re8 16. Nc1 Nh7 17. a4 hxg4 18. hxg4 {½-½ (75) Primbetov,K (2247)-Vakhidov,J (2576) Almaty 2016}) 10. d5 Qc7 11. dxc6 Qxc6 {Predecessor:} 12. a4 $146 b4 13. Nb5 Ba6 14. c4 Qxc4 15. b3 Qc6 16. Rc1 Nc5 17. Nxd6 {0-1 (33) Novoselski,Z (2384)-Bojovic,D (2320) Valjevo 2011} *

[Event "National-chT China 2017"]
[Site "Beijing"]
[Date "2017.06.13"]
[Round "8"]
[White "Yunguo, Wan"]
[Black "Yu, Yangyi"]
[Result "0-1"]
[WhiteElo "2482"]
[BlackElo "2749"]
[Annotator "TA"]
[PlyCount "80"]
[EventDate "2017.??.??"]
[EventCountry "CHN"]
[SourceTitle "playchess.com"]
[Source "ChessBase"]
[SourceQuality "1"]

{[%evp 16,80,37,5,17,20,56,44,48,52,45,49,36,0,0,0,0,0,0,0,0,0,0,0,15,8,38,10,23,0,9,0,0,0,0,0,0,0,0,-8,-8,-8,0,-13,-13,-33,-33,-33,-33,-33,-33,-33,-33,-57,-60,-66,-42,-71,-44,-217,-110,-332,-332,-325,-325,-29968,-29969]} 1. e4 d6 2. d4 Nf6 3. Nc3 g6 4. g3 Bg7 5. Bg2 O-O 6. Nge2 e5 7. O-O Nbd7 8. h3 c6 9. Be3 b5 {B07: Pirc Defence: Miscellaneous Systems} (9... Re8 10. g4 Nb6 11. dxe5 dxe5 12. Qxd8 Rxd8 13. b3 Nbd7 14. Rfd1 h5 15. f3 Re8 16. Nc1 Nh7 17. a4 hxg4 18. hxg4 {½-½ (75) Primbetov,K (2247)-Vakhidov,J (2576) Almaty 2016}) 10. d5 Qc7 11. dxc6 Qxc6 {White is slightly better.} 12. a4 b4 13. Nb5 $1 Ba6 14. Nxa7 $146 (14. c4 {looks sharper.} Qxc4 15. Rc1 Qa2 16. Nc7 Bxe2 17. Qxe2 Rac8 18. Rfd1) ({Predecessor:} 14. c4 Qxc4 15. b3 Qc6 16. Rc1 Nc5 17. Nxd6 {0-1 (33) Novoselski,Z (2384)-Bojovic,D (2320) Valjevo 2011}) 14... Qb7 15. Nb5 $1 Bxb5 16. axb5 Rxa1 17. Qxa1 {aiming for Qa5.} Qxb5 18. Qd1 Rc8 19. g4 {[%cal Bg3g4,Bg4g5][%mdl 32]} h5 20. g5 Nh7 21. Qd2 Nhf8 22. c3 Nb6 23. b3 bxc3 24. Nxc3 Qxb3 {[#] Hoping for ...Nc4.} 25. Rb1 Qxc3 26. Qxc3 Rxc3 27. Rxb6 Ne6 28. Rxd6 h4 29. Bf3 Bf8 30. Rd5 Bc5 31. Rxe5 Bxe3 32. fxe3 Rxe3 $15 {[%mdl 4096] Endgame KRB-KRN} 33. Bg4 Nf4 34. Kh2 Kf8 35. Bd7 Nd3 36. Re8+ Kg7 37. Re7 $2 (37. Bg4 $15) 37... Rg3 ({Better is} 37... Re2+ $19 38. Kg1 Nc5) 38. e5 $2 (38. Bg4 $17) 38... Rxg5 $19 39. e6 Ne5 {( -> ...Nf3+)} 40. Kh1 $2 {[#]} (40. Bc6 $19) 40... Kf6 {Precision: White = 38%, Black = 58%.} 0-1

[Event "National-chT China 2017"]
[Site "Beijing"]
[Date "2017.06.13"]
[Round "8"]
[White "Liu, Chang"]
[Black "Xiang, Zeyu"]
[Result "1/2-1/2"]
[WhiteElo "2345"]
[BlackElo "2402"]
[Annotator "TA"]
[PlyCount "70"]
[EventDate "2017.??.??"]
[EventCountry "CHN"]
[SourceTitle "playchess.com"]
[Source "ChessBase"]
[SourceQuality "1"]

{[%evp 27,70,13,27,19,19,20,38,37,42,44,45,42,51,38,38,31,29,31,31,31,45,33,58,48,48,48,48,50,58,58,58,50,58,58,58,58,58,58,58,58,58,0,58,0,58]} 1. e4 e5 2. Nf3 Nc6 3. Nc3 Nf6 4. d4 exd4 5. Nxd4 Bb4 6. Nxc6 bxc6 7. Bd3 O-O 8. O-O d5 9. exd5 cxd5 10. Bg5 c6 11. Qf3 h6 12. Bxf6 Qxf6 13. Qxf6 gxf6 14. Ne2 Bd6 15. Nd4 {C47: Scotch Four Knights and Four Knights with 4 g3} (15. Rad1 Rb8 16. b3 Re8 17. h3 Rb6 18. Ng3 c5 19. Rfe1 Rxe1+ 20. Rxe1 Be6 21. c4 dxc4 22. Bxc4 Bxg3 23. fxg3 Bxc4 24. bxc4 {½-½ (33) Hou,Y (2651)-Ding,L (2760) Sharjah 2017}) 15... c5 16. Nf5 Bxf5 17. Bxf5 {White is slightly better.} Be5 18. Rad1 Rfd8 19. b3 a5 20. Bd3 $146 ({Predecessor:} 20. Rd3 a4 21. f4 Bd4+ 22. Kh1 axb3 23. axb3 {½-½ (31) Derakhshani,D (2036)-Bromberger,S (2535) Munich 2016}) 20... a4 21. Bb5 axb3 22. axb3 Ra2 23. Bd3 Rda8 24. g3 (24. Bf5 $5 {[%cal Rd1d5]}) 24... Ra1 25. Rxa1 Rxa1 26. Rxa1 Bxa1 $14 {[%mdl 4096] Endgame KB-KB} 27. Bb5 Bc3 28. Bc6 d4 29. Kg2 Kf8 30. f4 Bb4 31. Kf3 Bc3 32. Be4 Bb4 33. Bf5 Bc3 34. Be4 Bb4 $1 35. Bf5 Bc3 $1 {Precision: White = 72%, Black = 63%.} 1/2-1/2